000 01445nam a2200181Ia 4500
008 220216s9999 xx 000 0 und d
100 _aGeorge V
245 0 _aHeat sensitized dipping with radiation vulcanized natural rubber latex
260 _bRubber India
_c2001
300 _a12-Jul
520 _aDipping is an important process in latex technology for the production of articles like examination gloves, teats, condoms, catheters etc. Straight dipping is used for the production of very thin walled articles. Coagulant dipping provides little more thicker articles; but a number of dips are needed to achieve desired thickness. The use of radiation vulcanized natural rubber latex (RVNRL) is becoming more popular in areas where dipped products free from type IV allergy, carcinogenic nitrosamines and very low in type I allergy are required. The common dipping processes with RVNRL are straight and coagulant dipping. This paper describes the results of heat sensitive dipping experiments for obtaining dry deposits of thickness 2-4 mm in single dip. The effects of dwell time, temperature of the former and maturity of latex compound at the time of dipping have been studied. The storage stability of the dry latex compound and the tensile properties of the dry deposits are good.
650 _aHeat sensitive dipping
650 _aRVNRL
700 _aBritto I J
700 _aSebastian M S
700 _aThomas E V
942 _cJS
999 _c60255
_d60255